|
|
|
|
| LEADER |
01689nam a2200481 a 4500 |
| 001 |
nkc20051628197 |
| 003 |
CZ PrNK |
| 005 |
20120424165224.0 |
| 007 |
ta |
| 008 |
051021s2005 xr ab g e 001 0 cze |
| 015 |
|
|
|a cnb001628197
|
| 020 |
|
|
|a 80-86880-03-6
|q (váz.)
|
| 035 |
|
|
|a (OCoLC)85164013
|
| 040 |
|
|
|a BOA001
|b cze
|d ABA001
|
| 041 |
1 |
|
|a cze
|h eng
|
| 072 |
|
7 |
|a 94(3)
|x Dějiny zemí starověkého světa
|2 Konspekt
|9 8
|
| 080 |
|
|
|a 94(3)
|2 MRF
|
| 080 |
|
|
|a 316.722(3)
|2 MRF
|
| 080 |
|
|
|a (031)
|2 MRF
|
| 080 |
|
|
|a (084.11)
|2 MRF
|
| 100 |
1 |
|
|a Mason, Antony,
|d 1954-
|7 xx0015866
|4 aut
|
| 245 |
1 |
0 |
|a Starověký svět /
|c [Antony Mason ; z anglického originálu ... přeložila Jitka Šišáková]
|
| 250 |
|
|
|a Vyd. 1.
|
| 260 |
|
|
|a Praha :
|b Reader's Digest Výběr,
|c 2005
|
| 300 |
|
|
|a 160 s. :
|b barev. il., mapy ;
|c 30 cm
|
| 490 |
1 |
|
|a Víš, co umíš?
|
| 500 |
|
|
|a Obsahuje rejstřík
|
| 650 |
0 |
7 |
|a starověk
|7 ph126028
|x dějiny
|2 czenas
|
| 650 |
0 |
7 |
|a starověké civilizace
|7 ph126030
|2 czenas
|
| 650 |
0 |
9 |
|a antiquity
|x history
|2 eczenas
|
| 650 |
0 |
9 |
|a ancient civilization
|2 eczenas
|
| 655 |
|
7 |
|a encyklopedie
|7 fd132201
|2 czenas
|
| 655 |
|
7 |
|a obrazové publikace
|7 fd132947
|2 czenas
|
| 655 |
|
9 |
|a encyclopedias
|2 eczenas
|
| 655 |
|
9 |
|a pictorial works
|2 eczenas
|
| 765 |
0 |
|
|t Ancient world
|9 Česky
|
| 830 |
|
0 |
|a Víš, co umíš?
|0 s
|
| 856 |
4 |
1 |
|u http://www.digitalniknihovna.cz/mzk/uuid/uuid:6ba61760-e481-11e6-8a71-005056827e52
|y Digitalizovaný dokument
|x NDK
|
| 910 |
2 |
|
|a BOA001
|b 3-1159.187
|
| 990 |
|
|
|a BK
|
| 995 |
|
|
|a 01
|
| 991 |
|
|
|b 200511
|c NOV
|
| 996 |
6 |
|
|b 2610261745
|c 3-1159.187
|l MZK
|r Sklad / do 1 hodiny
|n 2
|p p.v.
|w 000794373
|u 000010
|a 1
|e BOA001
|j MZK50
|s P
|